Pop-Up Tierra.

-д хадгалсан:
Номзүйн дэлгэрэнгүй
Үндсэн зохиолч: Jannkeliowitch, Anne (textos)
Бусад зохиолчид: Charbonnel, Olivier (ingeniería de papel), Buxton, Annabelle (ilustraciones)
Формат: Ном
Хэл сонгох:испани
Хэвлэсэн: [Madrid, España]: Ideaka Edelvives; Luis Vives, 2021.
Нөхцлүүд:
Шошгууд: Шошго нэмэх
Шошго байхгүй, Энэхүү баримтыг шошголох эхний хүн болох!

MARC

LEADER 00000nam a22000007a 4500
003 CL-VaPUC
005 20250312150706.0
008 250303t2021 ||||| |||| 00| 0 spa d
999 |c 447070  |d 447068 
020 |a 978-84-140-3039-4 
040 |c Pontificia Universidad Católica de Valparaíso 
082 |2 22  |a 550.071 JAN 2021 
100 |9 896263  |a Jannkeliowitch, Anne  |e textos 
245 |a Pop-Up Tierra. 
260 |a [Madrid, España]:  |b Ideaka Edelvives;  |b Luis Vives,  |c 2021. 
300 |a 20 páginas:  |b ilustraciones en 3D. 
500 |a c.1 Donación Prof. Marcela Jarpa A. Memo. Biblioteca Mayor de Educación y Filosofía. 14-01-2025. 
521 |a No apto para niños menores de 36 meses. 
583 |c 20250303  |k Yessy Sthefany Diaz Vidal 
650 0 |9 375858  |a Planeta tierra   |x Origen, evolución, etc.  |v Libros interactivos  
650 0 |9 261541  |a Ciencias de la tierra  |x Enseñanza básica  |v Libros infantiles 
700 |9 896265  |a Charbonnel, Olivier  |e ingeniería de papel 
700 |9 896266  |a Buxton, Annabelle  |e ilustraciones 
942 |2 ddc  |c BK 
952 |0 0  |1 0  |2 ddc  |4 0  |6 550_071000000000000_JAN_2021  |7 0  |8 A  |9 600507  |a BIBEDU  |b BIBEDU  |c BIBEDU_PB  |d 2025-03-03  |e Donación  |i 5665168  |o 550.071 JAN 2021  |p 5665168  |r 2025-03-03  |t 1  |w 2025-03-03  |y BK  |k PAR